[Event "FRA-chT poule haute"]
[Site "France"]
[Date "2003.05.09"]
[Round "10.1"]
[White "Tkachiev, Vladislav"]
[Black "Van Wely, Loek"]
[Result "1-0"]
[WhiteElo "2642"]
[BlackElo "2675"]
[Annotator "Mueller,Karsten"]
[PlyCount "129"]
[EventDate "2003.05.07"]
[EventType "team"]
[EventRounds "4"]
[EventCountry "FRA"]
[SourceTitle "CBM 095"]
[Source "ChessBase"]
[SourceDate "2003.07.25"]
[SourceVersion "1"]
[SourceVersionDate "2003.07.25"]
[SourceQuality "1"]
[WhiteTeam "Cannes"]
[BlackTeam "Clichy"]
[WhiteTeamCountry "FRA"]
[BlackTeamCountry "FRA"]

1. d4 Nf6 2. c4 g6 3. g3 Bg7 4. Bg2 d5 5. cxd5 Nxd5 6. Nf3 Nb6 7. Nc3 Nc6 8. e3
e5 9. d5 Nb4 10. e4 c6 11. a3 Na6 12. a4 O-O 13. a5 Nc4 14. Qb3 cxd5 15. Nxd5
Nxa5 16. Qc3 b6 17. b4 Bb7 18. bxa5 Bxd5 19. axb6 axb6 20. exd5 e4 21. Nd4 Qxd5
22. Be3 Rfc8 23. Qd2 Rc4 24. O-O Rxd4 25. Bxd4 Qxd4 26. Qxd4 Bxd4 27. Ra4 Bc3
28. Bxe4 Ra7 29. Bd3 Ba5 30. Bxa6 Rxa6 31. Rd1 Ra7 32. g4 Kg7 33. Rad4 Bc3 34.
Rd7 Ra4 35. h3 Rf4 36. Kg2 b5 37. R1d3 b4 38. Rb7 h6 39. Rf3 Rf6 40. Rxf6 Kxf6
{Without the b-pawn Black's position is theoretically lost, but with it
matters are not completely clear. The game is no proof, so further analysis is
needed. Ohne den schwarzen b-Bauern ist die Stellung bekanntermaßen verloren.
Möglicherweise kann er Schwarz auch nicht retten, doch die Partie ist als
Beweis nicht überzeugend, so dass weitere Analysearbeit erforderlich ist.} 41.
Kf3 h5 $6 {opens White many inroads on the light squares. öffnet Weiß viele
weißfeldrige Zugstraßen} (41... Be1 $142) 42. gxh5 gxh5 43. Rb5 Kg6 44. Ke4 Be1
45. f4 Bc3 46. Rb6+ f6 47. Rc6 Bb2 48. Rd6 Bc3 49. Rd3 Be1 $6 (49... f5+ $5 {
came strongly into consideration. kam stark in Frage.}) 50. Re3 Bd2 51. Rg3+
Kf7 52. Kf5 Ke7 53. Rd3 (53. Rg7+ $5 Kd6 54. Rh7 Kc5 55. Ke4 $16 (55. Kxf6 $2
b3 56. Rb7 b2 {[%cal Gd2b4]} 57. Rxb2 Bc3+ $11)) 53... Bc3 54. Ke4 Kf7 55. f5
Kg7 56. Rg3+ Kh7 57. Kd5 Be5 58. Re3 Kh6 59. Ke6 Bd4 (59... Bc3 60. h4 Kg7 61.
Ke7 Kh7 62. Kf7 Be5 63. Rb3 Bc3 64. Rb1 Kh8 65. Rg1 b3 66. Rg8+ Kh7 67. Rg7+
Kh8 68. Kg6 b2 69. Rc7 $18) (59... Kg5 $2 {is refuted nicely: wird mit} 60.
Rxe5 {bestraft:} fxe5 61. f6 b3 62. f7 b2 63. f8=Q b1=Q 64. Qf6#) 60. Rg3 $1
Be5 61. Rg6+ Kh7 62. Kf7 h4 ({Nach} 62... b3 {zieht Weiß die Schlinge zu:} 63.
Rg7+ Kh8 (63... Kh6 64. h4 b2 65. Kg8 b1=Q 66. Rg6#) 64. Kg6 b2 65. Rd7 Bc7 66.
Rxc7 b1=Q 67. Rc8#) 63. Rg4 Kh6 64. Rxb4 Kg5 65. Ke6 (65. Ke6 Ba1 66. Rg4+ Kh5
67. Rg6 Bd4 68. Rxf6 $18) 1-0

[Event "Biel MTO op"]
[Site "Biel"]
[Date "2003.07.31"]
[Round "10"]
[White "Tkachiev, Vladislav"]
[Black "Al Modiahki, Mohamad"]
[Result "1-0"]
[WhiteElo "2654"]
[BlackElo "2574"]
[PlyCount "92"]
[EventDate "2003.07.19"]
[EventType "swiss"]
[EventRounds "11"]
[EventCountry "SUI"]
[SourceTitle "CBM 095 Extra"]
[Source "ChessBase"]
[SourceDate "2003.09.04"]
[SourceVersion "1"]
[SourceVersionDate "2003.09.04"]
[SourceQuality "1"]

1. g3 g6 2. Bg2 Bg7 3. d4 d6 4. e4 Nf6 5. Ne2 O-O 6. h3 e5 7. Nbc3 Nc6 8. Be3
exd4 9. Nxd4 Bd7 10. O-O Re8 11. Re1 a6 12. f4 Na5 13. Bf2 Qc8 14. g4 c5 15.
Nde2 Bc6 16. Ng3 b5 17. Qxd6 Nc4 18. Qd3 Nxb2 19. Qf3 Nc4 20. Rad1 b4 21. Nd5
Bxd5 22. exd5 Nd6 23. g5 Rxe1+ 24. Rxe1 Nfe8 25. f5 gxf5 26. h4 Bd4 27. Bh3
Bxf2+ 28. Kxf2 c4 29. Bxf5 Qc5+ 30. Kf1 Ng7 31. Bd7 Rd8 32. Bc6 Qd4 33. h5 Qh4
34. h6 Qh3+ 35. Kf2 Qh2+ 36. Qg2 Qxg2+ 37. Kxg2 Ngf5 38. Nh5 Nd4 39. Nf6+ Kh8
40. Ba4 N4f5 41. Kh3 Nb7 42. Kg4 Nfd6 43. Re7 Nc5 44. Be8 Rb8 45. Bxf7 Rb7 46.
Rxb7 Ncxb7 1-0

[Event "EU-ch 8th"]
[Site "Dresden"]
[Date "2007.04.07"]
[Round "5"]
[White "Tkachiev, Vladislav"]
[Black "Brkic, Ante"]
[Result "1-0"]
[WhiteElo "2652"]
[BlackElo "2567"]
[Annotator "Marin,M"]
[PlyCount "43"]
[EventDate "2007.04.03"]
[EventType "swiss"]
[EventRounds "11"]
[EventCountry "GER"]
[SourceTitle "CBM 118"]
[Source "ChessBase"]
[SourceDate "2007.05.31"]
[SourceVersion "1"]
[SourceVersionDate "2007.05.31"]
[SourceQuality "1"]

1. Nf3 c5 2. c4 Nc6 3. d4 cxd4 4. Nxd4 Nf6 5. g3 Qb6 6. Nb3 e6 7. Bg2 (7. Nc3 {
would transpose to one of the main lines of the symmetrical English, when after
} Ne5 {White has no better way to defend his c4-pawn than} 8. e4 {, which, in
combination with g3 looks slightly awkward.}) 7... Ne5 8. Qc2 {By delaying the
development of the b1-knight, White made this natural defence of the c4-pawn
available.} Qc7 ({The main alternative is} 8... Qa6 {and was examined in the
notes to Gelfand,B (2692)-Ivanchuk,V (2709)/Lvov 2000/CBM 077/[Stohl] (0-1, 60)
}) 9. c5 d5 $146 {Black hopes to neutralise White's queenside pressure by
shutting the long diagonal.} ({Previously,} 9... d6 {has been played. Since
exchanging on d6 would help Black's development, it is necessary to sacrifice
the c5-pawn by simply developing a queenside piece. Generally, White had good
compensation in all the games played so far, but could not prove a concrete
advantage:} 10. Nc3 (10. Bd2 dxc5 11. Ba5 Qe7 12. Na3 $44 Nc6 $6 13. Bxc6+ $1
bxc6 14. O-O Nd7 15. Rfd1 Qg5 16. Rd2 h5 17. h4 Qf5 18. Qxf5 exf5 19. Rad1 $14
{Rahman,Z (2305)-Rodgaard,J (2315)/Thessaloniki 1988/TD (1-0, 30)}) (10. Na3
Bd7 11. Bf4 Rc8 12. Rc1 Ng6 13. Bxd6 Bxd6 14. cxd6 Qxd6 15. Qd2 Rxc1+ 16. Qxc1
O-O 17. Qc5 Qb8 $11 {Hulak,K (2540)-Gostisa,L (2380)/Portoroz 1987/CBM 005 (1/
2-1/2, 30)}) 10... dxc5 11. Bf4 a6 12. Na4 {[%csl Yb6,Yc5]} Nd5 13. Bxe5 Qxe5
14. Naxc5 Qc7 15. Rc1 b6 16. Nd3 Qxc2 17. Rxc2 Bb7 $11 {Gelfand,B (2696)
-Volokitin,A (2685)/Bermuda 2005/CBM 106 (1/2-1/2, 30)}) 10. Bf4 {The
availibility of this unpleasant pin is the main drawback of Black's novelty.}
Nh5 {This looks like a simple solution to the newly created problem, but the
knight will remain badly placed on the edge of the board. Black will need an
additional tempo to get it back into play, while his king is still in the
centre.} 11. Bxe5 $1 Qxe5 12. Nc3 Bd7 13. O-O-O {White castles long in order
to occupy the central files with the rooks as soon as possible. The fact that
the king is more exposed than on the other wing is of little relevance,
because Black is not sufficiently well developed to take advantage of it.} Nf6
{After this move, White's play will be easy to carry out.} ({However, the
attempt to physically prevent the opening of the centre with} 13... f5 {
would allow the dangerous positional sacrifice} 14. Nxd5 exd5 15. Rxd5 $36 Qc7
(15... Qf6 16. Rxd7 Kxd7 17. Rd1+ Ke8 (17... Kc8 18. Qd3 Qe7 19. Qxf5+ $18) (
17... Kc7 18. Qd2 Qe7 19. Qa5+ Kc8 20. c6 $40) 18. Bxb7 Rd8 19. Rxd8+ Kxd8 20.
Qd3+ Kc7 21. Qd5 g6 22. Nd4 $40) 16. Rxd7 Qxd7 (16... Kxd7 17. Qxf5+ Ke8 18.
Qxh5+ $16) 17. c6 Qc8 {[%csl Gf5]} 18. Rd1 $44) 14. e4 $36 dxe4 15. Nxe4 Nxe4 (
15... O-O-O 16. Nd6+ Bxd6 17. cxd6+ $18) 16. Bxe4 Bc6 $6 {When underdeveloped,
it is always dangerous to exchange the already developed pieces.} (16... O-O-O
$6 17. Bxb7+ $5 Kxb7 18. Rxd7+ Rxd7 19. c6+ Kc7 20. cxd7+ Kxd7 21. Rd1+ Bd6 22.
f4 Qf5 (22... Qe3+ 23. Kb1 Qb6 24. Nd2 $18) 23. Qc3 $16 Rc8 $2 24. Rxd6+ $1 $18
) (16... Qc7 $14) 17. Bxc6+ bxc6 18. Rhe1 Qc7 19. Qc3 $16 Rd8 {Same comment,
although it might be too late for a significant improvement.} 20. Rxd8+ Kxd8
21. Re4 Kc8 22. Rb4 $18 {[%cal Yc3d3,Yd3a6] White attacks with a big
superiority of forces, while Black's kingside pieces are mere spectators.} 1-0

[Event "RUS-chT 14th"]
[Site "Sochi"]
[Date "2007.05.05"]
[Round "4"]
[White "Tkachiev, Vladislav"]
[Black "Ovetchkin, Roman"]
[Result "1-0"]
[WhiteElo "2652"]
[BlackElo "2554"]
[PlyCount "97"]
[EventDate "2007.05.02"]
[EventType "team-tourn"]
[EventRounds "9"]
[EventCountry "RUS"]
[SourceTitle "EXT 2020"]
[Source "ChessBase"]
[SourceDate "2019.10.17"]
[SourceVersion "1"]
[SourceVersionDate "2019.10.17"]
[SourceQuality "1"]
[WhiteTeam "Tomsk 400"]
[BlackTeam "Nizhny Tagil Politekhnik"]
[WhiteTeamCountry "RUS"]
[BlackTeamCountry "RUS"]

1. d4 d5 2. c4 c6 3. Nf3 Nf6 4. e3 Bf5 5. Nc3 e6 6. Nh4 Bg6 7. Be2 Nbd7 8. O-O
Be7 9. g3 O-O 10. Nxg6 hxg6 11. Qc2 Re8 12. Rd1 Bf8 13. b3 Qc7 14. Bb2 Rac8 15.
Rac1 a6 16. Bf3 b5 17. Nb1 Qb8 18. Nd2 e5 19. dxe5 Nxe5 20. Bg2 dxc4 21. bxc4
Bb4 22. Bxe5 Rxe5 23. Nf3 Rc5 24. Qb3 Ba5 25. Nd4 Qb6 26. Rb1 Rb8 27. Qa3 Rxc4
28. Nxc6 Rc3 29. Rb3 Rxc6 30. Bxc6 Qxc6 31. Qxa5 Kh7 32. Rbb1 Ne4 33. Rbc1 Qf6
34. Qe1 Qb2 35. Qf1 Nc3 36. Re1 Rd8 37. a3 Kg8 38. Kh1 g5 39. Qg2 Qxa3 40. Qc6
b4 41. Kg2 Qa2 42. Ra1 Qd2 43. Qb6 Ne4 44. Rf1 Rd6 45. Qb7 Re6 46. Rad1 Qe2 47.
Rd8+ Kh7 48. Qxf7 Rf6 49. Qg8+ 1-0

[Event "EU-chT (Men) 16th"]
[Site "Heraklion"]
[Date "2007.10.31"]
[Round "4.2"]
[White "Tkachiev, Vladislav"]
[Black "Lie, Kjetil A"]
[Result "1-0"]
[WhiteElo "2661"]
[BlackElo "2563"]
[Annotator "Ftacnik,L"]
[PlyCount "61"]
[EventDate "2007.10.28"]
[EventType "team-swiss"]
[EventRounds "9"]
[EventCountry "GRE"]
[SourceTitle "CBM 121"]
[Source "ChessBase"]
[SourceDate "2007.11.14"]
[SourceVersion "1"]
[SourceVersionDate "2007.11.14"]
[SourceQuality "1"]
[WhiteTeam "France"]
[BlackTeam "Norway"]
[WhiteTeamCountry "FRA"]
[BlackTeamCountry "NOR"]

1. Nf3 c5 2. c4 e6 3. Nc3 Nf6 4. g3 b6 5. Bg2 Bb7 6. O-O Be7 7. d4 cxd4 8. Qxd4
d6 9. Rd1 a6 10. Be3 Nbd7 11. Qd2 O-O 12. Bf4 Ne8 13. Rac1 Qc7 14. Qe3 $5 {
[%mdl 4] Tkachiev is not the first guy to have discovered the original way of
exploiting the awkward location of black's light pieces. Gustafsson won a very
short in 2004, but he played the idea on move later.} (14. e4 Rd8 15. Qe2 Nef6
16. Nd2 Rfe8 17. h3 Qb8 18. b4 Qa8 19. Nb3 d5 20. e5 Ne4 21. cxd5 Nxc3 22. Rxc3
Nf8 23. b5 axb5 24. Qxb5 Bxd5 25. Bxd5 Rxd5 26. Rxd5 exd5 {0-1 Boensch,U (2575)
-Ftacnik,L (2570)/Trnava 1988 (38)}) (14. b3 Rc8 15. Qe3 $5 Qb8 (15... e5 16.
Bh3 f5 17. Bg5 $14) 16. Nd5 Bd8 17. Bh3 Kh8 18. Ng5 b5 19. Nxf7+ {1-0
Gustafsson,J (2572)-Prusikin,M (2519)/Pulvermuehle 2004}) 14... Nef6 (14... e5
15. Bh3 $1 (15. h3 Bd8 16. Bg5 f6 17. Nd5 Bxd5 18. cxd5 Qb7 19. Bh4 g5 20. Bxg5
fxg5 21. Nxg5 Bxg5 22. Qxg5+ Ng7 $13) (15. g4 Ndf6 16. Bg3 Nxg4 17. Qd3 $13)
15... Nc5 16. Bg5 f6 17. Bh4 g5 18. b4 Nd7 19. Nd5 Bxd5 (19... Qd8 20. Nxe7+
Qxe7 21. Nxg5 fxg5 22. Qxg5+ Qxg5 23. Bxg5 $16) 20. cxd5 Qd8 21. Be6+ Kh8 22.
g4 gxh4 23. Nxh4 $16) 15. Nd5 $1 {The knight jump to the defended d5 square
has occured in so many positions, but it never fails to leave the heavy impact.
} exd5 (15... Nxd5 $2 16. cxd5 Qb8 17. dxe6 $18) 16. Qxe7 Rfe8 17. Qxd6 (17.
cxd5 Qxc1 18. Qxe8+ Rxe8 19. Rxc1 Rxe2 20. Nd2 Nc5 21. Bf1 Re8 22. Bxd6 Bxd5
23. Bxc5 bxc5 24. Bxa6 $16) 17... Qxd6 18. Bxd6 Rxe2 (18... dxc4 19. Rxc4 Rxe2
20. Nd4 Bxg2 21. Nxe2 Bf3 22. Rdc1 $1 $18) 19. cxd5 {White probably analysed
this critical position in some detail. If the pawn on d5 survives white can
claim two bishops, passed pawn and better pieces.} Rxb2 (19... Bxd5 20. g4 $1 (
20. Rxd5 $6 Nxd5 21. Nd4 Rd2 22. Bxd5 (22. Nb3 Rd3 23. Be4 Rxb3 24. Bxd5 Rd3
25. Bxa8 Rxd6) 22... Rxd4 23. Bxa8 Rxd6 24. Rc8+ Nf8 25. Rb8 $14) 20... h6 21.
h4 Rxb2 22. g5 hxg5 23. hxg5 Rxa2 24. Be7 Be6 25. gxf6 Nxf6 26. Ng5 $16) (19...
Nxd5 20. Nd4 Rxb2 21. Nf5 N7f6 22. Be5 Rxa2 23. Bxf6 $18) 20. Ne5 $1 Ne8 (20...
Nxe5 21. Bxe5 Re2 (21... Rxa2 22. Rc7 $18) 22. Bxf6 gxf6 23. Rc7 Rb8 24. Kf1
Ree8 25. d6 $18) 21. Ba3 Rxa2 22. Nxd7 Rxa3 23. Nxb6 Rd8 (23... Rb8 24. d6 Bxg2
25. Kxg2 $18) 24. d6 $1 {The back rank problem enables pawn to cross the
forbidden territory. Lie is losing as his rook on a3 can not offer support in
the defense.} Rb3 (24... Bxg2 25. Kxg2 Rxd6 (25... Nxd6 $2 26. Rxd6 $1 $18) (
25... Rb3 26. Rc8 (26. d7 Rxb6 27. Rc8 Rb8 28. Rxb8 Rxb8 29. d8=Q Rxd8 30. Rxd8
$18) 26... Rxc8 27. Nxc8 Nf6 28. d7 Nxd7 29. Rxd7 $18) 26. Rc8 Re6 27. Rdd8 Kf8
28. Nd7+ Ke7 29. Nc5 Nd6 30. Rd7+ Kf6 31. Rc6 $18) 25. Bxb7 Rxb6 26. d7 Nd6 (
26... Rxb7 27. Rc8 Rbxd7 28. Rxd8 Rxd8 29. Rxd8 $18) 27. Bc6 $1 {The final
small move and White's main asset on d7 will decide.} Nf5 28. Re1 Rf8 (28...
Rbb8 29. Re8+ Rxe8 30. dxe8=Q+ Rxe8 31. Bxe8 $18) 29. Re8 Rb8 30. Rxb8 Rxb8 31.
Bb7 (31. Bb7 Ne7 32. Bc8 $18) 1-0

[Event "RUS-chT 16th"]
[Site "Dagomys"]
[Date "2009.04.09"]
[Round "6"]
[White "Tkachiev, Vladislav"]
[Black "Zvjaginsev, Vadim"]
[Result "1-0"]
[WhiteElo "2657"]
[BlackElo "2635"]
[PlyCount "81"]
[EventDate "2009.04.04"]
[EventType "team-tourn"]
[EventRounds "7"]
[EventCountry "RUS"]
[SourceTitle "EXT 2020"]
[Source "ChessBase"]
[SourceDate "2019.10.17"]
[SourceVersion "1"]
[SourceVersionDate "2019.10.17"]
[SourceQuality "1"]
[WhiteTeam "Tomsk 400"]
[BlackTeam "Sankt Petersburg Chess Federation"]
[WhiteTeamCountry "RUS"]
[BlackTeamCountry "RUS"]

1. d4 d5 2. c4 e6 3. Nc3 Nf6 4. Bg5 Be7 5. e3 O-O 6. Nf3 Nbd7 7. Bd3 h6 8. Bh4
c5 9. O-O b6 10. cxd5 Nxd5 11. Bxe7 Nxe7 12. Rc1 cxd4 13. Nxd4 e5 14. Nf3 Bb7
15. Bb5 Bxf3 16. Qxf3 a6 17. Be2 Nf6 18. Rfd1 Qb8 19. Ne4 Nxe4 20. Qxe4 Ra7 21.
Rc2 f5 22. Qb4 Rd8 23. Rxd8+ Qxd8 24. Rd2 Qc7 25. h3 b5 26. Bd1 Kh7 27. Bb3 Rb7
28. Rd6 a5 29. Qd2 Qc5 30. h4 h5 31. Qd1 g6 32. Rf6 Qc7 33. Rf7+ Kh6 34. e4 Qd7
35. Qe1 Qd4 36. exf5 gxf5 37. Qc1+ Qf4 38. Qc5 Qd4 39. Qc1+ Qf4 40. Qd1 Qd4 41.
Rf6+ 1-0

[Event "FRA-chA 84th"]
[Site "Nimes"]
[Date "2009.08.19"]
[Round "9"]
[White "Degraeve, Jean Marc"]
[Black "Tkachiev, Vladislav"]
[Result "0-1"]
[WhiteElo "2559"]
[BlackElo "2650"]
[PlyCount "76"]
[EventDate "2009.08.10"]
[EventType "tourn"]
[EventRounds "11"]
[EventCountry "FRA"]
[EventCategory "14"]
[SourceTitle "CBM 132"]
[Source "ChessBase"]
[SourceDate "2009.09.16"]
[SourceVersion "1"]
[SourceVersionDate "2009.09.16"]
[SourceQuality "1"]

1. e4 d6 2. d4 g6 3. Nc3 Bg7 4. Be3 a6 5. a4 Nc6 6. d5 Ne5 7. a5 Nf6 8. Be2 O-O
9. Nf3 Nfg4 10. Bd4 c5 11. dxc6 bxc6 12. Bb6 Qe8 13. Nxe5 Nxe5 14. f4 Nd7 15.
Bd4 e5 16. fxe5 Nxe5 17. O-O Rb8 18. Na4 Bb7 19. Bc3 Rd8 20. Nb6 Qe6 21. Ra4
Rfe8 22. Rd4 c5 23. Ra4 Bc6 24. Ra1 Bxe4 25. Bxa6 d5 26. Bb5 Re7 27. Bd2 Ng4
28. c3 Be5 29. h3 Bh2+ 30. Kh1 Nf2+ 31. Rxf2 Qxh3 32. Rf3 Qh5 33. Rf4 Qh6 34.
Rxe4 Bf4+ 35. Kg1 Qh2+ 36. Kf1 dxe4 37. Bxf4 Qxf4+ 38. Kg1 Qe3+ 0-1

[Event "FRA-chA 84th"]
[Site "Nimes"]
[Date "2009.08.20"]
[Round "10"]
[White "Tkachiev, Vladislav"]
[Black "Edouard, Romain"]
[Result "1-0"]
[WhiteElo "2650"]
[BlackElo "2597"]
[PlyCount "131"]
[EventDate "2009.08.10"]
[EventType "tourn"]
[EventRounds "11"]
[EventCountry "FRA"]
[EventCategory "14"]
[SourceTitle "CBM 132"]
[Source "ChessBase"]
[SourceDate "2009.09.16"]
[SourceVersion "1"]
[SourceVersionDate "2009.09.16"]
[SourceQuality "1"]

1. d4 d5 2. Nf3 Nf6 3. c4 dxc4 4. e3 e6 5. Bxc4 c5 6. Qe2 a6 7. dxc5 Bxc5 8.
O-O Nc6 9. e4 b5 10. Bb3 Nd4 11. Nxd4 Qxd4 12. Be3 Qxe4 13. Nd2 Qf5 14. g4 Qe5
15. Nf3 Qe4 16. Ng5 Qc6 17. Rac1 Bb7 18. f3 Bxe3+ 19. Qxe3 Qd6 20. Nxe6 fxe6
21. Bxe6 Kf8 22. Rfd1 Qe7 23. g5 Re8 24. gxf6 Qxe6 25. Qxe6 Rxe6 26. Rc7 gxf6
27. Rxb7 Rg8+ 28. Kf2 Rg5 29. Rd8+ Re8 30. Rdd7 h5 31. Ra7 Kg8 32. Rxa6 h4 33.
Rd4 Rge5 34. Rg4+ Kf7 35. Ra7+ Ke6 36. Rxh4 Rc8 37. Ra6+ Kf7 38. Rh6 Rf5 39.
Rh7+ Kg6 40. Re7 Rh8 41. Raa7 Rxh2+ 42. Ke3 Rc5 43. b3 Rcc2 44. Rab7 Rhe2+ 45.
Kf4 Rxe7 46. Rxe7 Rxa2 47. Rb7 Rb2 48. Rxb5 Rb1 49. Rb7 Rb2 50. b4 Rb1 51. Rb5
Rh1 52. Ke4 Re1+ 53. Kd5 Re3 54. Rc5 Rxf3 55. Kc6 f5 56. b5 Rb3 57. b6 Kg5 58.
b7 Rxb7 59. Kxb7 Kf4 60. Kc6 Ke4 61. Rc4+ Ke5 62. Kc5 f4 63. Rc1 Ke4 64. Kc4
Ke3 65. Kc3 Ke2 66. Kd4 1-0

[Event "FRA-chA 85th"]
[Site "Belfort"]
[Date "2010.08.16"]
[Round "7"]
[White "Tkachiev, Vladislav"]
[Black "Sokolov, Andrei"]
[Result "1-0"]
[WhiteElo "2639"]
[BlackElo "2596"]
[PlyCount "83"]
[EventDate "2010.08.09"]
[EventType "tourn"]
[EventRounds "11"]
[EventCountry "FRA"]
[EventCategory "14"]
[SourceTitle "CBM 138"]
[Source "ChessBase"]
[SourceDate "2010.09.17"]
[SourceVersion "1"]
[SourceVersionDate "2010.09.17"]
[SourceQuality "1"]

1. d4 Nf6 2. c4 e6 3. g3 d5 4. Bg2 dxc4 5. Qa4+ Nbd7 6. Qxc4 c5 7. Nf3 a6 8.
Qc2 b6 9. Ne5 Nd5 10. Nc6 Qc7 11. e4 Ne7 12. Nxe7 Bxe7 13. Bf4 Qa7 14. d5 e5
15. Be3 O-O 16. Nd2 Qb8 17. a4 Nf6 18. h3 b5 19. O-O c4 20. b3 cxb3 21. Nxb3
Bd7 22. Na5 bxa4 23. Nc6 Bxc6 24. dxc6 a3 25. Rfb1 Qd6 26. Bc1 Rfc8 27. Bxa3
Qe6 28. Bxe7 Qxe7 29. Bf1 a5 30. Rb7 Rc7 31. Qb3 Ne8 32. Qb6 a4 33. Rd1 Rxb7
34. Qxb7 Qxb7 35. cxb7 Rb8 36. Rd7 g6 37. Bc4 Kg7 38. Bxf7 Nf6 39. Rc7 Kh6 40.
f3 a3 41. Bc4 Rd8 42. Rc8 1-0

[Event "Jakarta Indonesia op 1st"]
[Site "Jakarta"]
[Date "2011.10.16"]
[Round "4"]
[White "Li, Chao B"]
[Black "Tkachiev, Vladislav"]
[Result "0-1"]
[WhiteElo "2710"]
[BlackElo "2631"]
[PlyCount "72"]
[EventDate "2011.10.13"]
[EventType "swiss"]
[EventRounds "9"]
[EventCountry "INA"]
[SourceTitle "EXT 2012"]
[Source "ChessBase"]
[SourceDate "2011.11.24"]
[SourceVersion "1"]
[SourceVersionDate "2011.11.24"]
[SourceQuality "1"]

1. d4 Nf6 2. c4 e6 3. g3 d5 4. Bg2 dxc4 5. Nf3 Bb4+ 6. Nc3 O-O 7. O-O Nc6 8. a3
Be7 9. e4 a6 10. Be3 Na5 11. Qe2 b5 12. Rad1 Bb7 13. Bf4 Nh5 14. Be5 f6 15. Ng5
fxg5 16. Qxh5 Nc6 17. Qg4 Qd7 18. h4 Rad8 19. hxg5 Nxe5 20. dxe5 Qc6 21. Nd5
exd5 22. exd5 Qd7 23. e6 Qd6 24. Kh2 Qc5 25. d6 Rxf2 26. dxe7 Rxg2+ 27. Kh3
Qxe7 28. Rxd8+ Qxd8 29. Qf5 Qe8 30. g6 hxg6 31. Qe5 Qc6 32. Kg4 Qd5 33. Qxd5
Bxd5 34. e7 Bf7 35. Re1 Be8 36. Rf1 Bd7+ 0-1

[Event "FRA-chT Top 12"]
[Site "Belfort"]
[Date "2012.06.09"]
[Round "10.4"]
[White "Tkachiev, Vladislav"]
[Black "Miton, Kamil"]
[Result "1-0"]
[WhiteElo "2641"]
[BlackElo "2622"]
[PlyCount "79"]
[EventDate "2012.05.31"]
[EventType "team-tourn"]
[EventRounds "11"]
[EventCountry "FRA"]
[SourceTitle "CBM 148 Extra"]
[Source "ChessBase"]
[SourceDate "2012.06.22"]
[SourceVersion "1"]
[SourceVersionDate "2012.06.22"]
[SourceQuality "1"]
[WhiteTeam "Evry Grand Roque"]
[BlackTeam "Marseille Echecs"]
[WhiteTeamCountry "FRA"]
[BlackTeamCountry "FRA"]

1. c4 Nf6 2. Nc3 g6 3. g3 Bg7 4. Bg2 O-O 5. d4 c6 6. e4 d6 7. h3 Qa5 8. Nge2 e5
9. O-O Nbd7 10. Be3 Re8 11. Qc2 a6 12. Rfd1 Rb8 13. Rab1 c5 14. dxc5 dxc5 15.
Nd5 Nxd5 16. exd5 f5 17. d6 e4 18. a3 Ne5 19. b4 cxb4 20. axb4 Qd8 21. Nf4 Be6
22. Nxe6 Rxe6 23. c5 Kh8 24. b5 axb5 25. Rxb5 Qd7 26. Qb3 Rf6 27. Rb1 Rf7 28.
Rb6 Bf6 29. Qd5 Kg7 30. Bf1 g5 31. Kh1 Kg6 32. Bd4 Nc6 33. Bxf6 Rxf6 34. Bb5
Qg7 35. Bxc6 bxc6 36. Qxc6 Rd8 37. Qd5 Qh6 38. Kg2 Qh5 39. d7 Qf3+ 40. Kg1 1-0

[Event "FRA-ch 87th"]
[Site "Pau"]
[Date "2012.08.16"]
[Round "4"]
[White "Tkachiev, Vladislav"]
[Black "Istratescu, Andrei"]
[Result "1-0"]
[WhiteElo "2644"]
[BlackElo "2647"]
[PlyCount "47"]
[EventDate "2012.08.13"]
[EventType "tourn"]
[EventRounds "11"]
[EventCountry "FRA"]
[EventCategory "15"]
[SourceTitle "CBM 150"]
[Source "ChessBase"]
[SourceDate "2012.09.14"]
[SourceVersion "1"]
[SourceVersionDate "2012.09.14"]
[SourceQuality "1"]

1. d4 d5 2. c4 dxc4 3. e3 Nf6 4. Bxc4 e6 5. Nf3 c5 6. O-O a6 7. Bb3 Nc6 8. Nc3
cxd4 9. exd4 Be7 10. Bg5 O-O 11. Re1 b5 12. h4 Bb7 13. d5 Nxd5 14. Nxd5 exd5
15. Bxd5 Bf6 16. Rc1 Rc8 17. Bxf6 Qxf6 18. Ng5 Ba8 19. Rc3 g6 20. Nxf7 Nd4 21.
Rxc8 Rxc8 22. Nd6+ Bxd5 23. Nxc8 Bb7 24. Re8+ 1-0

[Event "FRA-ch 87th"]
[Site "Pau"]
[Date "2012.08.18"]
[Round "6"]
[White "Tkachiev, Vladislav"]
[Black "Maze, Sebastien"]
[Result "1-0"]
[WhiteElo "2644"]
[BlackElo "2573"]
[PlyCount "81"]
[EventDate "2012.08.13"]
[EventType "tourn"]
[EventRounds "11"]
[EventCountry "FRA"]
[EventCategory "15"]
[SourceTitle "CBM 150"]
[Source "ChessBase"]
[SourceDate "2012.09.14"]
[SourceVersion "1"]
[SourceVersionDate "2012.09.14"]
[SourceQuality "1"]

1. Nf3 Nf6 2. c4 g6 3. g3 Bg7 4. Bg2 O-O 5. O-O c5 6. Nc3 Nc6 7. d4 cxd4 8.
Nxd4 d6 9. Nxc6 bxc6 10. Bxc6 Rb8 11. Bf3 Qa5 12. Nb5 a6 13. Bd2 Qd8 14. Nd4
Bb7 15. b3 d5 16. Bf4 Rc8 17. Be5 Qd7 18. cxd5 Nxd5 19. Bxg7 Kxg7 20. e4 Nb6
21. Qd2 e5 22. Nf5+ gxf5 23. Qg5+ Kh8 24. Qf6+ Kg8 25. Qxb6 fxe4 26. Bg2 Qc6
27. Qe3 f5 28. Rfc1 Qf6 29. Qa7 Bd5 30. Rxc8 Rxc8 31. Bf1 f4 32. Rd1 Bf7 33.
Bxa6 Rc2 34. Bc4 fxg3 35. hxg3 Bxc4 36. bxc4 e3 37. Qa8+ Kg7 38. Rd7+ Kh6 39.
Qh1+ Kg5 40. Qh4+ Kf5 41. g4+ 1-0